• 首页
  • 本馆介绍
  • 公告通知
  • 最新文献
  • 馆藏检索
  • 电子资源
  • 读者导购
  • 参考咨询
  • 我的图书馆
  • 登录
  • 详细信息显示
  • 放入我的书架
  • 预约/预借图书
  • 作者相关作品
  • 分类相关作品
  • 丛书相关作品
  • 出版社相关作品

书目信息

  • 表格格式
  • 工作单格式
  • 卡片格式
题名:
大数据时代
    
 
作者: 迈尔-舍恩伯格 , 库克耶 著 ;盛杨燕 , 周涛 译
分册:  
出版信息: 杭州   浙江人民出版社  2013
页数: 10,261页
开本: 23cm
丛书名:
单 册:
中图分类: F49
科图分类:
主题词: 网络经济
电子资源:
ISBN: 978-7-213-05254-5
000 01710nam0 2200301 450
001 523
005 20221011151752.39
010    @a978-7-213-05254-5@dCNY49.90
100    @a20130216d2013 em y0chiy50 ea
101 1  @achi@ceng
102    @aCN@b330000
105    @aa z 000yy
200 1  @a大数据时代@ADa Shu Ju Shi Dai@e生活、工作与思维的大变革@ESheng Huo、 Gong Zuo Yu Si Wei De Da Bian Ge@dBig data@ea revolution that will transform how we live, work and think@f(英)维克托·迈尔-舍恩伯格(Viktor Mayer-Schonberger),(英)肯尼思·库克耶(Kenneth Cukier)著@F( Ying ) Wei Ke Tuo· Mai Er - She En Bo Ge (Viktor Mayer-Schonberger),( Ying ) Ken Ni Si· Ku Ke Ye (Kenneth Cukier) Zhu@g盛杨燕,周涛译@zeng
210    @a杭州@c浙江人民出版社@d2013
215    @a10,261页@c彩照@d23cm
300    @a湛庐文化
305    @a由Houghton Mifflin Harcourt Publishing Company通过Bardon-Chinese Media Agency授权出版
330    @a本书前瞻性地指出,大数据带来的信息风暴正在变革我们的生活、工作和思维,大数据开启了一次重大的时代转型,并用三个部分讲述了大数据时代的思维变革、商业变革和管理变革。书中展示了谷歌、微软、亚马逊、IBM、苹果、facebook、twitter、VISA等大数据先锋们最具价值的应用案例。
510 1  @aBig data@ea revolution that will transform how we live, work and think@zeng
517 1  @a生活、工作与思维的大变革@ASheng Huo、 Gong Zuo Yu Si Wei De Da Bian Ge
606 0  @a网络经济
690    @aF49@v5
701  0 @c(英)@a迈尔-舍恩伯格@AMai Er - She En Bo Ge@c(Mayer-Schonberger, Viktor)@4著
701  0 @c(英)@a库克耶@AKu Ke Ye@c(Cukier, Kenneth)@4著
702  0 @a盛杨燕@ASheng Yang Yan@4译
702  0 @a周涛@AZhou Tao@f(1983~)@4译
801  0 @aCN@bTANGWEI@c20140603
905    @b0840296-98@dF062.5@e110@f3
    
    大数据时代:生活、工作与思维的大变革=Big data:a revolution that will transform how we live, work and think/(英)维克托·迈尔-舍恩伯格(Viktor Mayer-Schonberger),(英)肯尼思·库克耶(Kenneth Cukier)著/盛杨燕,周涛译.-杭州:浙江人民出版社,2013
    10,261页:彩照;23cm
    湛庐文化
    
    ISBN 978-7-213-05254-5:CNY49.90
    本书前瞻性地指出,大数据带来的信息风暴正在变革我们的生活、工作和思维,大数据开启了一次重大的时代转型,并用三个部分讲述了大数据时代的思维变革、商业变革和管理变革。书中展示了谷歌、微软、亚马逊、IBM、苹果、facebook、twitter、VISA等大数据先锋们最具价值的应用案例。
●
相关链接 在E读中查询图书 在五车中查询图书 在当当中查询图书 在豆瓣中查询图书


正题名:大数据时代     索取号:F062.5/110         预约/预借

序号 登录号 条形码 馆藏地/架位号 状态 备注
1 0840296   208402968   密集书库-物理学院/ [索取号:F062.5/110] 在馆    
2 0840297   208402977   第一借阅区/ [索取号:F062.5/110] 在馆    
3 0840298   208402986   密集书库-海洋学院/ [索取号:F062.5/110] 在馆    
唐山师范学院图书馆 欢迎您!
大连网信软件有限公司© 版权所有